| 000 | 01315nam a22003857a 4500 | ||
|---|---|---|---|
| 001 | 11444943 | ||
| 005 | 20100731121633.0 | ||
| 006 | a|||||r|||||00| 0 | ||
| 007 | ta | ||
| 008 | 950103c19909999ii fr p 0 0eng c | ||
| 010 |
_a 94902267 _zsn 95021355 |
||
| 022 | _a0971-0957 | ||
| 035 | _a(OCoLC)ocm31758228 | ||
| 040 |
_aICRL _cICRL _dDLC _dOCoLC |
||
| 042 | _apcc | ||
| 050 | 0 | 0 |
_aPL4601 _b.P55 |
| 082 | 4 | _a494.805 | |
| 245 | 0 | 0 |
_aPILC journal of Dravidic studies : _bPJDS. |
| 246 | 3 | 0 | _aPJDS |
| 260 |
_aPondicherry, India : _bPondicherry Institute of Linguistics and Culture |
||
| 300 |
_av. ; _c24 cm. |
||
| 310 | _aSemiannual | ||
| 362 | 1 | _aBegan in 1990. | |
| 500 | _aDescription based on: Vol. 3, 1 (Jan. 1993); title from cover. | ||
| 590 | _aSERBIB/SERLOC merged record | ||
| 650 | 0 |
_aDravidian languages _vPeriodicals. _93095 |
|
| 650 | 0 |
_aDravidian philology _vPeriodicals. _93096 |
|
| 650 | 0 |
_aDravidians _vPeriodicals. _93097 |
|
| 710 | 2 |
_aPondicherry Institute of Linguistics and Culture. _93098 |
|
| 906 |
_a7 _bcbc _cserials _du _encip _f19 _gn-oclcserc |
||
| 942 |
_2ddc _cSR _h494.805 _mPIL _s1 |
||
| 999 |
_c38392 _d38392 |
||